000 00830cab a2200253 4500
001 WB3427-19
008 090401t1998 xxu||||| |||| 00| 0 eng d
035 _a(Sirsi) u87464
041 _aeng
245 _aReporting Britain
260 _c1998
350 _a0
490 _aFinancial Times
_v16 July 1998, (10) LOAN
520 _aFocuses on inward investment in the UK, an interview with Lord Marshall on regional cash allocations, the views of overseas investors, statistical data, concluding with an overview on Cambridge and Telford.
650 _aCAMBRIDGE
650 _aEMPLOYMENT OPPORTUNITIES
650 _aINWARD INVESTMENT
650 _aOVERSEAS INVESTORS
650 _aREGIONAL FUNDING
650 _aTELFORD
690 _aPROPERTY-PROPERTY FINANCE AND INVESTMENT
942 _n0
948 _c16/07/1998
999 _c55162
_d55162